| 000 | 00343 a2200109 4500 | ||
|---|---|---|---|
| 001 | ART_48982 | ||
| 005 | 20260410161631.0 | ||
| 008 | 260409a | ||
| 245 | 1 | 0 | _aLa "debida diligencia anticorrupción" y su impacto en "fusiones y adquisiciones" |
| 100 | 1 | _aPapa, Rodolfo G. | |
| 773 | 0 |
_tEnfoques _g- N°4 (abr. 2019) _wREV416 |
|
| 999 |
_c12464 _d12464 |
||